Statistiques concernant Culture Générale - Série 1054

Cliquez ici pour prendre le quiz!

Statistiques générales

  • Ce quiz a été pris 32 fois
  • Le résultat moyen est 6 sur 10

Statistiques - réponses

Question Réponse % Correct
Quelle arme défensive peut être "arverne" chez Astérix, "de Brennus" au rugby, et "fiscal" quand c'est un plafond d'imposition ?bouclier
97%
Aujourd'hui comment appelle-t-on un apothicaire ?pharmacien
97%
Outre Malte, quel État insulaire a rejoint l'Union européenne en 2004 ?Chypre
88%
En l'an 79, les principales villes détruites par l'éruption du Vésuve sont : Herculanum, Stabies, Oplontis et...Pompéi
81%
Dans quelle partie de la Grande-Bretagne se trouve la ville de Saint Andrews, berceau du golf ?Écosse
75%
Quel État a pour Premier ministre, Benjamin Netanyahou ?Israël
75%
Le nom de cette graine a permis à Ali Baba d'entrer dans la grotte au trésorsesame
59%
Quel élève blondinet, appartenant à la maison Serpentard de l'école Poudlard, est le principal ennemi d'Harry Potter ?Drago Malefoy
38%
La plupart des maisons de la vallée de la Loire entre Blois et Saumur sont bâties avec cette roche poreuse et friable : mot de 3 lettrestuf
22%
Quel est le prénom du premier bébé-éprouvette du monde, né en 1978 ?Louise
9%

Distribution des résultats

Percentile par nombre de réponses

% des personnes avec chaque résultat

Votre développement - résultats

Vous n’avez pas pris ce quiz